000 01250cam a22003134a 4500
999 _c3838
_d3838
001 14035732
003 Nust
005 20170105101226.0
008 050713s2006 maua b 001 0 eng
010 _a 2005051336
020 _a0205457932
035 _a(OCoLC)ocm61131868
040 _aDLC
_cDLC
_dBAKER
_dC#P
_dOUB
_dDLC
042 _apcc
050 0 0 _aHM571
_b.N48 2006
082 0 0 _a301/.072
_222
100 1 _aNeuman, W. Lawrence
_q(William Lawrence),
_d1950-
245 1 0 _aSocial research methods :
_bqualitative and quantitative approaches /
_cW. Lawrence Neuman.
250 _a6th ed.
260 _aBoston :
_bPearson/AandB,
_cc2006.
300 _aviii, 592 p. :
_bill. ;
_c24 cm.
504 _aIncludes bibliographical references (p. 548-583 ) and indexes.
505 0 _aFoundations -- Planning and preparation -- Quantitative data collection and analysis -- Qualitative data collection and analysis -- Communicating with others.
650 0 _aSociology
_xResearch
_xMethodology.
650 0 _aSocial sciences
_xResearch
_xMethodology.
_912
906 _a7
_bcbc
_corignew
_d1
_eocip
_f20
_gy-gencatlg
942 _2ddc
_cBK